Home Print Resources E-Books E-Journals IIMT Lecture Series Library Membership Form Book Recommendation Form Campus Tour Take AdmissionAbout Us Contact Us

COMPUTER SCIENCE WITH C++ (Record no. 58198)

000 -LEADER
fixed length control field 00345nam a22001457a 4500
003 - CONTROL NUMBER IDENTIFIER
control field OSt
005 - DATE AND TIME OF LATEST TRANSACTION
control field 20240213162950.0
008 - FIXED-LENGTH DATA ELEMENTS--GENERAL INFORMATION
fixed length control field 240213b |||||||| |||| 00| 0 eng d
040 ## - CATALOGING SOURCE
Transcribing agency IIMT UNIVERSITY
100 ## - MAIN ENTRY--PERSONAL NAME
Personal name ARORA, SUMIT
245 ## - TITLE STATEMENT
Title COMPUTER SCIENCE WITH C++
260 ## - PUBLICATION, DISTRIBUTION, ETC.
Place of publication, distribution, etc. NEW DELHI
Name of publisher, distributor, etc. DHANPAT RAI
Date of publication, distribution, etc. 2013
300 ## - PHYSICAL DESCRIPTION
Extent 448
942 ## - ADDED ENTRY ELEMENTS (KOHA)
Source of classification or shelving scheme
Koha item type Specimen
Holdings
Withdrawn status Lost status Source of classification or shelving scheme Damaged status Not for loan Home library Current library Date acquired Source of acquisition Cost, normal purchase price Inventory number Barcode Date last seen Uniform Resource Identifier Cost, replacement price Price effective from Koha item type
          IIMT University Central Library Meerut IIMT University Central Library Meerut 02/13/2024 SPECIMEN 240.00 SPECIMEN 28-S-3850 02/13/2024 COMPUTER SCIENCE 240.00 02/13/2024 Specimen
IIMT, Central Library. All Rights Reserved IIMT,UNIVERSITY © 2023
Implemented and Customised by I CLOUDE EMS
You Are OPAC Visitor No
free web counter

Powered by Koha